Caballo de copas
Uloženo v:
| Hlavní autor: | |
|---|---|
| Médium: | Kniha |
| Jazyk: | španělština |
| Vydáno: |
Santiago
Zig-Zag
1957
|
| Témata: | |
| Tagy: |
Přidat tag
Žádné tagy, Buďte první, kdo vytvoří štítek k tomuto záznamu!
|
MARC
| LEADER | 00000nam a2200000 a 4500 | ||
|---|---|---|---|
| 001 | UCX4322 | ||
| 003 | CL-VaPUC | ||
| 008 | 920413e19570000CL |||||||||||||||||spa|d | ||
| 082 | 0 | 4 | |a Ch863 |b ALE |2 21 |
| 100 | 0 | |a Alegría Alfaro, Fernando |e author |9 320463 | |
| 245 | 1 | 0 | |a Caballo de copas |
| 300 | |a 226 p | ||
| 942 | |c BK | ||
| 945 | |d 19920413 00:00:00 | ||
| 260 | |a Santiago |b Zig-Zag |c 1957 | ||
| 650 | 0 | |a Novelas chilenas |9 265425 | |
| 583 | |a last modification |c 20190719 04:13:32 |k Rodrigo Vera | ||
| 999 | |c 224810 |d 224808 | ||
| 952 | |0 0 |1 0 |4 0 |6 CH_863_000000000000000_ALE_1957 |7 0 |8 A |9 221789 |a BIBEDU |b BIBEDU |d 2019-11-15 |i 2906570 |o Ch863 ALE 1957 |p 2906570 |r 2019-11-15 |w 2019-11-15 |y BK |k LIT | ||